O espaço (Registo nº 3055)
[ vista simples ]
| 000 -Etiqueta do registo | |
|---|---|
| Cabeçalho | 00841nam a22003011 4500 |
| 005 - Identificador da versão | |
| Campo de controlo | 20240813121951.0 |
| 095 ## - | |
| -- | PTBN00502007 |
| 010 ## - Número internacional normalizado dos livros (ISBN) | |
| Número (ISBN) | 9722215671 |
| 021 ## - Número do Depósito Legal | |
| Código do país | PT |
| Número | 63621/93 |
| 100 ## - Dados gerais de processamento | |
| Dados gerais de processamento | 19980922d1993 da y0pory5003 ba |
| 102 ## - Pais de publicação ou produção | |
| País de publicação | Portugal |
| 101 1# - Língua de publicação | |
| Língua do texto, banda sonora, etc. | Português |
| Língua do documento no original | Inglês |
| 106 ## - Campo de dados codificados: material textual | |
| Dados codificados do material textual | r |
| 105 ## - Campo de dados codificados: livros | |
| Dados codificados dos livros | a z 001yy |
| 215 ## - Descrição física | |
| Indicação específica da natureza do documento e extensão da espécie | 49 p. |
| Outras indicações físicas | il. |
| Dimensões | 31 cm |
| 200 1# - Titulo e menção de responsabilidade | |
| Título próprio | O espaço |
| Primeira menção de responsabilidade | concep. Dorling Kindersley |
| Outras menções de responsabilidade | trad. Isabel Simões dos Santos |
| 225 2# - Colecção | |
| Título próprio da colecção | Vamos conhecer |
| Indicação de volume | 2 |
| 210 ## - Publicação, Distribuição, etc. | |
| Lugar da edição, distribuição, etc. | Lisboa |
| Nome do editor, distribuidor, etc. | Verbo |
| Data da publicação, distribuição, etc. | D.L. 1993 |
| 304 ## - Notas relativas a título e menção de responsabilidade | |
| Texto da nota | Tít. orig.: Space |
| 606 ## - Nome comum usado como assunto | |
| Número de registo de entrada de autoridade | 0002229 |
| Palavra de ordem | Ciências exactas |
| Subdivisão de assunto | Astronomia |
| 675 ## - Classificação Decimal Universal (CDU) | |
| Notação | 52 |
| Edição | 2ª |
| Língua da edição | por |
| 702 #1 - Nome de autor-pessoa física (responsabilidade secundária) | |
| Número de registo de entrada de autoridade | 0001976 |
| Palavra de ordem | Santos |
| Outra parte do nome não tomada para palavra de ordem | Isabel Simões dos |
| Datas | 1958- |
| Código de função | Tradutor |
| 710 02 - Nome de colectividade-autor (responsabilidade principal) | |
| Número de registo de entrada de autoridade | 0000166 |
| Palavra de ordem | Dorling Kindersley |
| 942 ## - Elementos de entrada adicionados (Koha) | |
| Tipo de item no Koha | Livro |
| Situação do levantamento | Origin of item (home branch) (coded) | Biblioteca de empréstimo | Código de barras | Cota | Circulation type (not for loan) | Tipo de documento | Nota do exemplar | Damaged status |
|---|---|---|---|---|---|---|---|---|
| Biblioteca Escolar da Coca Maravilhas | Biblioteca Escolar da Coca Maravilhas | BECM3708/98 | 5AST VAM | Livro | Sem mensagem |
